1590 1092 1084 1980 1828 1484 1502 1924 1483 1463 1457 1251 1039 1592 1675 1176 1977 1038 1963 1230 1820 1219 1681 1996 1888 1436 1922 1028 1324 1663 1253 1264 1108 1289 1321 1863 1233 1463 1223 1078 1918 1455 1202 1799 1104 1526 1301 1586 1092 1482 1395 1554 1425 1542 1475 1759 1134 1230 1698 1864 1491 1159 1180 1203 1620 1686 1028 1643 1256 1101 1805 1124 1075 1276 1384 1575 1529 1668 1479 1982 1555 1114 1908 1036 1942 1896 2000 1685 1374 1848 1100 1633 1155 1339 1171 1734 1988 1310 1605 BCNSPRNW ULIB Ver.6.0+V

เปลี่ยนเป็นภาษาไทย

Change to English
 แสดงรายละเอียดบรรณานุกรม
  กลับหน้าหลัก

Brief Record : Get Marc (ISO 2709) : E-mail record : QR code < ปิดหน้าต่าง
LEADER : 00000nam 2200000uu 4500
001    13399110916
003     ULIB
008    110613s||||||||th 000 0 tha d
020    9749006526
050  4 AC158^bฮ173ว 2546
100    ฮอลตซ์คลอว์, เฟรด
245    วิทยาศาสตร์สิ่งแวดล้อม/ ^cผู้แต่ง ฮอลตซ์คลอว์, เฟรด; แปล ตรัยเทพ เกษศิลป์
246 31 สำรวจโลกวิทยาศาสตร์
260    กรุงเทพฯ : ^bเพียร์สัน เอ็ดดูเคชั่น อินโดไชน่า, ^c2546
300    208 หน้า : ^bภาพประกอบ ; ^c28 ซม.
490    สำรวจโลกวิทยาศาสตร์
650  7 การทดลอง
650  7 สิ่งแวดล้อม
650  7 วิทยาศาสตร์
700    ตรัยเทพ เกษศิลป์, ^eผู้แปล
945    ^p0^l0^i028557
995    ทศพร
999 ^a ใช้งานได้ทุกระบบ
รายการนี้ยังไม่มีแท็ก
คุณยังไม่ได้ล็อกอิน คุณสามารถมีกิจกรรมร่วมกับเว็บไซต์ได้ แต่ต้องล็อกอินก่อน ::
  ล็อกอิน

รายการสื่อสารสนเทศ

ลำดับที่ ประเภท เลขเรียก/บาร์โค้ด สถานที่ สถานะ
- ไม่พบข้อมูล -

รายการใกล้เคียง
    หัวเรื่อง [การทดลอง]
    หัวเรื่อง [สิ่งแวดล้อม]
    หัวเรื่อง [วิทยาศาสตร์]

BibComment


ยังไม่เคยถูกคอมเมนท์

คอมเมนท์ทรัพยากรรายการนี้
  คอมเมนท์: วิทยาศาสตร์สิ่งแว..


 Copyright 2026. Bcnsprnw @Library